000 00482nam a2200181Ia 4500
005 20250508162229.0
008 008 250505s9999 xx 000 0 eng d
037 _aTextual
040 _aFEDL
_beng
_cFEDL
041 _aeng
_2eng
084 _a200, MEE
_qFEDL
100 _aMees Gualtherus H.
245 0 _aDharma and society
260 _aDelhi, India
_bSeema Publications India
_c1980
300 _a206p
942 _cTEXL
_h200, MEE
999 _c1375250
_d1375250